| 000 | 00596nam a22001457a 4500 | ||
|---|---|---|---|
| 020 | _a978-1-4027-7016-6 | ||
| 082 |
_a823 _bSPY/H |
||
| 100 | _aSPYRI, JOHANNA | ||
| 245 | _aHEIDI | ||
| 260 |
_aNEW YORK _bSTERLING _c2007 |
||
| 300 | _a151 | ||
| 520 | _aHeidi by Johanna Spyri is a story about a young orphan girl who is sent to live with her grandfather in the Swiss Alps. This story was very enjoyable and enchanting to read, and I particularly liked reading about the day-to-day activities that occurred in the Alps, and the people who Heidi met. | ||
| 650 |
_aNOVEL _zUNITED STATES |
||
| 942 | _cBK | ||
| 999 |
_c3994 _d3994 |
||